1173 1016 1936 1573 1771 1126 1904 1653 1697 1445 1236 1385 1833 1906 1946 1009 1763 1790 1274 1780 1376 1398 1255 1334 1750 1212 1808 1583 1183 1712 1146 1248 1748 1607 1400 1066 1293 1055 1515 1502 1168 1252 1311 1617 1324 1624 1049 1379 1910 1819 1373 1086 1350 1216 1532 1131 1432 1677 1218 1238 1622 1011 1734 1469 1376 1954 1173 1417 1182 1389 1352 1415 1903 1528 1384 1662 1628 1678 1064 1004 1435 1191 1998 1131 1242 1895 1040 1379 1400 1063 1673 1791 1399 1662 1616 1905 1625 1658 1705 BCNSPRNW ULIB Ver.6.0+V

เปลี่ยนเป็นภาษาไทย

Change to English
 แสดงรายละเอียดบรรณานุกรม
  กลับหน้าหลัก

Brief Record : Get Marc (ISO 2709) : E-mail record : QR code < ปิดหน้าต่าง
LEADER : 00000nam 2200000uu 4500
001    13399121737
003     ULIB
008    121204s2552||||th 000 0 tha d
020    ^a9789741109524
060 04 ^aWE348^bณ371ป 2552
100 0  ^aณัฐสุรางค์ บุญจันทร์
245 10 ^aปวดข้อ - ข้อเสื่อมและการประยุกต์กระบวนการพยาบาล /^cณัฐสุรางค์ บุญจันทร์
250    ^aพิมพ์ครั้งที่ 1
260    ^aกรุงเทพฯ :^bคณะพยาบาลศาสตร์ มหาวิทยาลัยมหิดล,^c2552
300    ^axi, 150 หน้า :^bภาพประกอบ ;^c21 ซม.
650  7 ^aกระดูกและข้ออักเสบ
650  7 ^aข้อเสื่อม
710 2  ^aมหาวิทยาลัยมหิดล. ^bคณะพยาบาลศาสตร์
945    ^p0^l0^i17114
945    ^p0^l0^i17115
945    ^p0^l0^i17015
945    ^p0^l0^i17014
995    ^aกัณชพร
999 ^a ใช้งานได้ทุกระบบ
รายการนี้ยังไม่มีแท็ก
คุณยังไม่ได้ล็อกอิน คุณสามารถมีกิจกรรมร่วมกับเว็บไซต์ได้ แต่ต้องล็อกอินก่อน ::
  ล็อกอิน

รายการสื่อสารสนเทศ

ลำดับที่ ประเภท เลขเรียก/บาร์โค้ด สถานที่ สถานะ
- ไม่พบข้อมูล -

รายการใกล้เคียง
    ผู้แต่ง [ณัฐสุรางค์ บุญจันทร์]

    หัวเรื่อง [กระดูกและข้ออักเสบ]
    หัวเรื่อง [ข้อเสื่อม]

BibComment


ยังไม่เคยถูกคอมเมนท์

คอมเมนท์ทรัพยากรรายการนี้
  คอมเมนท์: ปวดข้อ ข้อเสื่อ..


 Copyright 2026. Bcnsprnw @Library